[Event "Olympiad Women 2024"]
[Site "Budapest HUN"]
[Date "2024.09.21"]
[Round "10.47"]
[Board "4"]
[White "Adeline, Clementia"]
[Black "Eversley, Kiarra"]
[Result "1-0"]
[WhiteElo "1550"]
[BlackElo "1615"]
[PlyCount "45"]
[EventDate "2024.09.11"]
[WhiteTeam "Indonesia"]
[BlackTeam "Barbados"]
[WhiteTeamCountry "INA"]
[BlackTeamCountry "BAR"]

1. d4 d5 2. c4 c6 3. cxd5 cxd5 4. Nc3 Nf6 5. Bf4 Nc6 6. e3 e6 7. Bd3 Bd6 8. Bg5 h6 ({RR} 8... Qa5 9. Nge2 Ne4 10. Bxe4 dxe4 11. Bf4 Bxf4 12. Nxf4 O-O 13. O-O f5 14. Qb3 Qb4 15. d5 Qxb3 16. axb3 exd5 17. Ncxd5 Bd7 18. Rfc1 Kf7 19. h4 Rac8 20. b4 a6 21. Nb6 Rcd8 22. b5 axb5 23. Nxd7 {1-0 Nguyen,N (2621)-Malakhov,V (2694) Wch Blitz 8th 2014 (17)}) 9. Bh4 O-O 10. Nf3 a6 11. Rc1 $146 ({RR} 11. O-O b5 12. a4 b4 13. Na2 a5 14. Qe2 Bb7 15. Nc1 g5 16. Bg3 Ne4 17. Nb3 f5 18. Bxd6 Qxd6 19. Rfc1 Rfc8 20. Nc5 Rc7 21. Bb5 Bc8 22. Rc2 g4 23. Ne1 Ne7 24. Rac1 Raa7 25. Ned3 Ng6 {1-0 Begunov,K (2325)-Kraiouchkine,N (2218) Titled Tue 2nd Jan Early 2024 (8)}) 11... Bd7 12. O-O b5 13. Bb1 Be7 14. Qd3 Nb4 15. Qe2 Nh7 16. Bxe7 Qxe7 17. Ne5 Rac8 18. a3 Nc6 19. Qd3 Nf6 20. e4 Nxe5 21. dxe5 dxe4 22. exf6 Qxf6 23. Nxe4 1-0

[Event "Olympiad Women 2024"]
[Site "Budapest HUN"]
[Date "2024.09.21"]
[Round "10.48"]
[Board "1"]
[White "Samaganova, Aleksandra"]
[Black "Aliu, Arlinda"]
[Result "1-0"]
[WhiteElo "1948"]
[BlackElo "1780"]
[PlyCount "71"]
[EventDate "2024.09.11"]
[WhiteTeam "Kyrgyzstan"]
[BlackTeam "Kosovo"]
[WhiteTeamCountry "KGZ"]
[BlackTeamCountry "KOS"]

1. c4 c5 2. Nf3 g6 3. e3 Bg7 4. Nc3 Nc6 5. d4 cxd4 6. exd4 d6 7. h3 Nf6 8. Be3 Bd7 9. Be2 Rc8 10. Rc1 O-O 11. Qd2 $146 ({RR} 11. b3 Bf5 12. O-O Nb4 13. a3 Nc6 14. b4 Ne4 15. Na4 d5 16. cxd5 Qxd5 17. Bc4 Qd7 18. d5 Ne5 19. Nxe5 Bxe5 20. g4 b5 21. f4 Bg7 22. Bb3 Bxg4 23. hxg4 bxa4 24. Bxa4 Qb7 25. Bc6 Qb8 {1-0 Loiseau,Q (2460)-Armas,L (1920) FRA-ch U26 Nantes 2013 (1)}) 11... e5 12. d5 Na5 13. b3 b6 14. Bg5 Nb7 15. b4 Qe8 16. O-O Bf5 17. Nh4 Bd7 18. Rfe1 a5 19. a3 Kh8 20. f4 Ng8 21. fxe5 Qxe5 22. Nf3 Qe8 23. c5 f6 24. Bf4 Qf7 25. c6 Bxc6 26. dxc6 Rxc6 27. Nd4 Rcc8 28. Bf3 axb4 29. axb4 f5 30. Ne6 Rfe8 31. Bd5 Qf6 32. Bg5 Qxc3 33. Rxc3 Bxc3 34. Qd1 Ra8 35. Qd3 Bxe1 36. Qd4+ 1-0

[Event "Olympiad Women 2024"]
[Site "Budapest HUN"]
[Date "2024.09.21"]
[Round "10.48"]
[Board "2"]
[White "Recica, Jona"]
[Black "Zhanybekova, Begimay"]
[Result "0-1"]
[WhiteElo "1791"]
[BlackElo "1784"]
[PlyCount "78"]
[EventDate "2024.09.11"]
[WhiteTeam "Kosovo"]
[BlackTeam "Kyrgyzstan"]
[WhiteTeamCountry "KOS"]
[BlackTeamCountry "KGZ"]

1. e4 c5 2. Nc3 e6 3. f4 a6 4. Nf3 b5 5. d3 Bb7 6. Be2 ({RR} 6. Qe2 Nc6 7. Be3 Qb6 8. g4 Nd4 9. Qf2 Nxf3+ 10. Qxf3 d5 11. Bd2 b4 12. Ne2 dxe4 13. dxe4 {½-½ Kamsky,G (2645)-Anand,V (2725) Groningen PCA 1993 (10)}) 6... d5 ({RR} 6... b4 7. Nb1 d5 8. e5 Nh6 9. O-O Be7 10. c3 a5 11. a3 Nd7 12. Be3 Nf5 13. Bf2 h5 14. Nbd2 g6 15. axb4 axb4 16. cxb4 cxb4 17. Nb3 O-O 18. Nfd4 Ng7 19. Qd2 Qb8 20. Na5 Rc8 21. Nxb7 {0-1 Kifliuk,R-Starozhilov,L (2281) All Ukranian Rapid 2024 (4.9)}) 7. e5 Nc6 8. b3 Nh6 $146 ({RR} 8... Nge7 9. O-O Nf5 10. Qe1 Nb4 11. Bd1 h5 12. Ne2 h4 13. d4 c4 14. Bd2 Nc6 15. b4 Be7 16. c3 a5 17. bxa5 Rxa5 18. Bc2 Ba3 19. Bxf5 exf5 20. Qb1 Bc8 21. Bc1 Qe7 22. Bxa3 Qxa3 23. Ne1 {½-½ Skoczek,K (1591)-Tarnowska,A (1816) POL-ch U16 Girls 2011 (7)}) 9. Qd2 Nf5 10. a4 b4 11. Nd1 d4 12. O-O Be7 13. Qe1 Qd7 14. Nd2 O-O-O 15. Nc4 Qc7 16. a5 Rdg8 17. Nf2 Na7 18. Ne4 Nb5 19. Ng5 Bd8 20. Bg4 g6 21. Rf2 Kb8 22. Bxf5 gxf5 23. Nd6 Nxd6 24. exd6 Qd7 25. Qe5 h6 26. Nf3 Qc6 27. Bb2 Rh7 28. g3 Rhg7 29. Kf1 Ka8 30. Nd2 h5 31. Ke1 h4 32. Nf1 Rg6 33. Kd2 Bf6 34. Qe2 Qxd6 35. Re1 Qc7 36. Ra1 Re8 37. Qe1 e5 38. fxe5 Rxe5 39. Re2 Bg5+ 0-1

[Event "Olympiad Women 2024"]
[Site "Budapest HUN"]
[Date "2024.09.21"]
[Round "10.48"]
[Board "3"]
[White "Sezdbekova, Aizhan"]
[Black "Saraci, Rinesa"]
[Result "1-0"]
[WhiteElo "1799"]
[BlackElo "1757"]
[PlyCount "27"]
[EventDate "2024.09.11"]
[WhiteTeam "Kyrgyzstan"]
[BlackTeam "Kosovo"]
[WhiteTeamCountry "KGZ"]
[BlackTeamCountry "KOS"]

1. e4 e5 2. Nc3 Nc6 3. f4 exf4 4. Nf3 Bc5 5. d4 Bb4 6. Bxf4 d6 ({RR} 6... Nf6 7. Bd3 Ne7 8. Bg5 h6 9. Bh4 Ng6 10. Bf2 O-O 11. O-O d6 12. a3 Nh5 13. axb4 Nhf4 14. Bg3 Nxd3 15. Qxd3 b6 16. e5 dxe5 17. Nxe5 Nxe5 18. Bxe5 Bb7 19. d5 Qg5 20. Bf4 Qg4 21. Qg3 {1-0 Narva,R (1901)-Nevska,G (1787) Swiss Queens Wed #4 2024 (7.143)}) 7. Bc4 Nge7 8. O-O Bxc3 $146 ({RR} 8... O-O 9. Qe1 Re8 10. Ng5 Rf8 11. Qg3 Ng6 12. Bxf7+ Rxf7 13. Nxf7 Kxf7 14. Bg5+ Kg8 15. Bxd8 Nxd8 16. Qf3 Be6 17. Nd5 Nf7 18. Nf4 Ne7 19. Nxe6 h6 20. Qxf7+ Kh7 21. Qxg7# {1-0 Koeman,C-Emans,J NED-ch U13 Rijswijk 2013 (3)}) 9. bxc3 h6 10. Nh4 d5 11. exd5 Nxd5 12. Qh5 g5 13. Rae1+ Kf8 14. Bd6+ 1-0

[Event "Olympiad Women 2024"]
[Site "Budapest HUN"]
[Date "2024.09.21"]
[Round "10.48"]
[Board "4"]
[White "Saraci, Ndriqona"]
[Black "Abaeva, Aiana"]
[Result "0-1"]
[WhiteElo "1656"]
[BlackElo "1858"]
[PlyCount "88"]
[EventDate "2024.09.11"]
[WhiteTeam "Kosovo"]
[BlackTeam "Kyrgyzstan"]
[WhiteTeamCountry "KOS"]
[BlackTeamCountry "KGZ"]

1. e4 c5 2. Nf3 d6 3. d4 cxd4 4. Nxd4 Nf6 5. Nc3 a6 6. f3 h5 ({RR} 6... b5 7. a4 b4 8. Nd5 Nxd5 9. exd5 Bb7 10. Bc4 Nd7 11. a5 Qc7 12. Bb3 Nc5 13. Be3 g6 14. O-O Bg7 15. Bc4 Nd7 16. Nc6 Bxc6 17. dxc6 Ne5 18. Bb6 Qc8 19. Bd5 e6 20. Bb3 d5 21. c7 {0-1 Leko,P (2722)-Svidler,P (2723) Cap d'Agde-B rapid 2003 (1)}) 7. h4 ({RR} 7. Be3 e6 8. a4 Nbd7 9. h3 Qc7 10. Bd3 b6 11. O-O Bb7 12. Qe2 Be7 13. f4 Nc5 14. Bf2 g6 15. Nf3 O-O 16. Rae1 d5 17. e5 Nfe4 18. Bxe4 Nxe4 19. Nxe4 dxe4 20. Nd4 Rac8 21. Be3 Rfd8 {0-1 Sutormin,D (2393)-Tsydypov,Z (2507) Eastern Economic Forum 2024 (6.8)}) 7... e6 $146 ({RR} 7... b5 8. Be3 Qc7 9. Qd2 Nbd7 10. Be2 Bb7 11. O-O-O e6 12. Rhg1 Nc5 13. g3 b4 14. Nb1 d5 15. e5 Nfd7 16. Nb3 Nxb3+ 17. axb3 Qxe5 18. Bd4 Qc7 19. Qg5 Nc5 20. Nd2 Rc8 21. c4 dxc4 22. Bxc4 {0-1 Sartorio,F (1596)-Centurion,E (1886) Asuncion Clasificatorio op 4th 2016 (2.9)}) 8. Bg5 b5 9. Qd2 Nbd7 10. Be2 Bb7 11. a3 Be7 12. O-O-O d5 13. exd5 Nxd5 14. Bxe7 Qxe7 15. Nxd5 Bxd5 16. Qg5 g6 17. Qxe7+ Kxe7 18. Rhg1 Nb6 19. f4 Rac8 20. Bf3 Rhd8 21. Rge1 Rc4 22. Bxd5 Nxd5 23. g3 Nxf4 24. Nf3 Rxd1+ 25. Kxd1 Nd5 26. Ne5 Rc7 27. Kd2 Kf6 28. Kd3 Ne7 29. c4 bxc4+ 30. Nxc4 Nf5 31. Rf1 Ke7 32. Rf3 f6 33. Kc3 e5 34. Kb4 Ke6 35. Ne3 Rb7+ 36. Ka5 Rb3 37. Rxf5 gxf5 38. Nc4 e4 39. Kxa6 e3 40. Nxe3 Rxe3 41. b4 Rxa3+ 42. Kb6 Rxg3 43. b5 f4 44. Kc5 Ke5 0-1

[Event "Olympiad Women 2024"]
[Site "Budapest HUN"]
[Date "2024.09.21"]
[Round "10.49"]
[Board "1"]
[White "Martinez Orozco, Cristiana Yorlene"]
[Black "Kaslan, Catherine"]
[Result "1/2-1/2"]
[WhiteElo "1761"]
[BlackElo "1902"]
[PlyCount "134"]
[EventDate "2024.09.11"]
[WhiteTeam "Nicaragua"]
[BlackTeam "Suriname"]
[WhiteTeamCountry "NCA"]
[BlackTeamCountry "SUR"]

1. d4 Nf6 2. c4 e6 3. Nf3 b6 4. Bg5 Bb7 5. e3 Be7 6. Bd3 h6 7. Bxf6 Bxf6 8. Nc3 d5 9. cxd5 exd5 10. O-O O-O 11. Qc2 c5 $146 ({RR} 11... c6 12. Ne2 g6 13. Nf4 Bg7 14. h4 Nd7 {½-½ Majed,A-Tohme,A LIB-ch Beirut 1999 (4)}) 12. Rac1 Nc6 13. Qd2 cxd4 14. exd4 Nxd4 15. Nxd4 Bxd4 16. Bh7+ Kxh7 17. Qxd4 Rc8 18. Qd3+ Kg8 19. Rcd1 Qg5 20. f3 Rfd8 21. Rf2 Rd6 22. f4 Qe7 23. Ne2 Re6 24. Nd4 Re4 25. Nf5 Qf6 26. Nd6 Qxd6 27. Qxe4 dxe4 28. Rxd6 e3 29. Rf1 Rc2 30. Re1 Rxg2+ 31. Kf1 Rxb2 32. Rxe3 Rxa2 33. f5 Ra5 34. f6 gxf6 35. Rxf6 Kg7 36. Rf4 Bd5 37. Kf2 Be6 38. Rg3+ Kf8 39. Rg6 Ra2+ 40. Ke1 Ke7 41. Rxh6 a5 42. Kd1 b5 43. Kc1 b4 44. Kb1 b3 45. Rhh4 Re2 46. Rh5 Ra2 47. Rb5 a4 48. h4 a3 49. Re4 Kf6 50. Rf4+ Kg6 51. Ra5 Rh2 52. h5+ Rxh5 53. Rxa3 Rh1+ 54. Kb2 Rh2+ 55. Kb1 Bf5+ 56. Rxf5 Kxf5 57. Rxb3 Rd2 58. Kc1 Rd4 59. Rf3+ Rf4 60. Re3 Rd4 61. Rf3+ Rf4 62. Re3 Re4 63. Rf3+ Rf4 64. Re3 Rd4 65. Rf3+ Rf4 66. Re3 Re4 67. Rf3+ Rf4 1/2-1/2

[Event "Olympiad Women 2024"]
[Site "Budapest HUN"]
[Date "2024.09.21"]
[Round "10.49"]
[Board "2"]
[White "Kaslan, Victoria"]
[Black "Cabezas Calero, Abigail Carolina"]
[Result "1/2-1/2"]
[WhiteElo "1726"]
[BlackElo "1824"]
[PlyCount "63"]
[EventDate "2024.09.11"]
[WhiteTeam "Suriname"]
[BlackTeam "Nicaragua"]
[WhiteTeamCountry "SUR"]
[BlackTeamCountry "NCA"]

1. d4 d5 2. c4 e6 3. Nf3 Nf6 4. e3 a6 5. Bd3 dxc4 6. Bxc4 b5 7. Bd3 Bb7 8. O-O Nbd7 9. b3 Be7 10. Bb2 O-O 11. Nbd2 c5 12. Rc1 Rc8 13. Qe2 Nd5 $146 ({RR} 13... Qb6 14. Bb1 Rc7 15. Rfd1 Rfc8 16. Ng5 h6 17. Nge4 Nxe4 18. Nxe4 c4 19. Nc3 cxb3 20. axb3 Nf6 21. f3 Qa5 22. Qd3 b4 23. Ne2 Bc6 24. e4 Bb5 25. Qe3 Qb6 26. Kh1 a5 27. Nf4 Nd7 28. e5 {0-1 Vasinek,M (1443)-Kopcova,L (1899) CZE-chT U18 Extraliga Ost 1819 2018 (6.3)}) 14. Ne5 Bf6 15. Ndf3 cxd4 16. Rxc8 Qxc8 17. Rc1 Nc3 18. Bxc3 Nxe5 19. Nxd4 Nxd3 20. Qxd3 e5 21. Ne2 Rd8 22. Qb1 Qg4 23. Ng3 Rc8 24. Qf5 Qxf5 25. Nxf5 Rc6 26. Bb2 Rxc1+ 27. Bxc1 e4 28. Nd6 Bc6 29. h3 Be7 30. Nf5 Bc5 31. Bb2 g6 32. Nd4 1/2-1/2

[Event "Olympiad Women 2024"]
[Site "Budapest HUN"]
[Date "2024.09.21"]
[Round "10.49"]
[Board "3"]
[White "Munoz Cortez, Anahi Alexandra"]
[Black "Wu, Elise"]
[Result "1-0"]
[WhiteElo "1868"]
[BlackElo "1595"]
[PlyCount "63"]
[EventDate "2024.09.11"]
[WhiteTeam "Nicaragua"]
[BlackTeam "Suriname"]
[WhiteTeamCountry "NCA"]
[BlackTeamCountry "SUR"]

1. e4 c5 2. Nc3 Nc6 3. f4 g6 4. Nf3 Bg7 5. Bb5 e6 6. d3 ({RR} 6. e5 d5 7. Bxc6+ bxc6 8. b3 Qa5 9. O-O Ba6 10. Re1 c4 11. Bb2 Nh6 12. Na4 c5 13. d4 cxd4 14. Qxd4 O-O 15. Qc5 Qb5 16. Nd4 Qb7 17. Qa5 Rfc8 18. Nc5 Qb6 19. Qxb6 axb6 20. Nd7 Bf8 {½-½ Rojas Keim,L (2355)-Thorhallsson,T (2480) Olympiad-32 Yerevan 1996 (4.3)}) 6... Nge7 7. O-O Nd4 $146 ({RR} 7... d5 8. e5 h5 9. Bd2 a6 10. Bxc6+ Nxc6 11. a3 b5 12. Ne2 Bb7 13. c3 Qb6 14. Kh1 Rc8 15. b4 Bf8 16. d4 cxd4 17. Nexd4 Be7 18. Rc1 Nxd4 19. cxd4 O-O 20. Qb3 Rc4 21. Be3 Rfc8 22. Rxc4 {0-1 Bleuzen,C (1470)-Marie,M (2165) Hennebont Grand Prix 2006 (4)}) ({RR} 7... a6 8. Bxc6 Nxc6 9. Qe1 O-O 10. Kh1 d6 11. h3 f5 12. Bd2 b5 13. a4 b4 14. Nd1 Qf6 15. c3 a5 16. Qf2 Ba6 17. c4 fxe4 18. dxe4 Bxc4 19. Re1 e5 20. fxe5 Nxe5 21. Bg5 Qe6 22. Re3 {0-1 Melaugh,S (2098)-Kislinsky,A (2355) Titled Tue 2nd Apr Early 2024 (2)}) ({RR} 7... O-O 8. a3 a6 9. Bxc6 Nxc6 10. Qe1 Nd4 11. Nxd4 cxd4 12. Ne2 Qb6 13. b4 d6 14. Ng3 Bd7 15. f5 Qd8 16. Qf2 Qf6 17. Bb2 e5 18. Qd2 Qe7 19. Rf3 f6 20. c3 dxc3 21. Bxc3 Rac8 22. Rc1 {½-½ Aliullova,D-Tolmacheva,E RUS-ch U16 Girls 2001}) ({RR} 7... O-O 8. Qe1 d5 9. Bxc6 Nxc6 10. e5 a6 11. h3 b5 12. Ne2 f6 13. Ng3 fxe5 14. fxe5 Qc7 15. c3 Nxe5 16. Nxe5 Rxf1+ 17. Nxf1 Qxe5 18. Qf2 d4 19. Qf3 Qd5 20. Qxd5 exd5 21. Bd2 dxc3 22. bxc3 {0-1 Kosovska,O (1865)-Braun,K (1853) GER-ch blitz (Women) 2022 (3)}) 8. e5 a6 9. Ba4 Nef5 10. Ne4 O-O 11. g4 Nxf3+ 12. Qxf3 Nd4 13. Qf2 b6 14. c3 Nc6 15. Bxc6 dxc6 16. d4 cxd4 17. cxd4 f6 18. Be3 fxe5 19. dxe5 Bxe5 20. Bxb6 Qd3 21. Nc5 Qb5 22. Qe3 Bxf4 23. Rxf4 Rxf4 24. Qxf4 Qxb6 25. Qd4 Rb8 26. Rf1 Qc7 27. Rf8+ Kxf8 28. Qh8+ Ke7 29. Qg7+ Kd6 30. Ne4+ Kd5 31. Qxc7 Rxb2 32. Nf6+ 1-0

[Event "Olympiad Women 2024"]
[Site "Budapest HUN"]
[Date "2024.09.21"]
[Round "10.49"]
[Board "4"]
[White "Tjong Tjin Joe, Maylee"]
[Black "Alvarez Gutierrez, Patricia"]
[Result "1/2-1/2"]
[WhiteElo "1665"]
[BlackElo "1826"]
[PlyCount "64"]
[EventDate "2024.09.11"]
[WhiteTeam "Suriname"]
[BlackTeam "Nicaragua"]
[WhiteTeamCountry "SUR"]
[BlackTeamCountry "NCA"]

1. d4 {ChessBase II} d5 2. c4 c6 3. Nf3 Nf6 4. e3 Bf5 5. Bd3 Bxd3 6. Qxd3 e6 7. b3 Nbd7 8. Nbd2 Be7 9. O-O O-O 10. Ne5 $146 ({RR} 10. Bb2 Qa5 11. a3 Rad8 12. Rfe1 c5 13. cxd5 Nxd5 14. e4 Nf4 15. Qe3 Ng6 16. Nc4 Qc7 17. Rac1 Qf4 18. Qe2 cxd4 19. Nxd4 Nf6 20. h3 a6 21. g3 Qh6 22. Kg2 b5 23. Na5 Bxa3 24. Nac6 Bxb2 {0-1 Mariotti,S-Donnely,B Zonal Praia da Rocha 1969 (13)}) ({RR} 10. e4 dxe4 11. Nxe4 Nxe4 12. Qxe4 a5 13. Bb2 a4 14. Ne5 Nxe5 15. Qxe5 Bf6 16. Qe3 axb3 17. axb3 Qb6 18. Rxa8 Rxa8 19. Rd1 Rd8 20. Rd3 Rd7 21. Qd2 Qd8 22. f4 c5 23. d5 Bxb2 24. Qxb2 exd5 {½-½ Li,E (2138)-King,A (2231) Chicago op 23rd 2014 (9)}) 10... Qc7 11. Bb2 Rfd8 12. Qc2 h6 13. f4 Rac8 14. Rac1 c5 15. Rfd1 Qb6 16. Kh1 Nxe5 17. fxe5 Ng4 18. Re1 Bg5 19. Qc3 cxd4 20. exd4 Nf2+ 21. Kg1 Ne4 22. Nxe4 Bxc1 23. Nf6+ gxf6 24. Bxc1 dxc4 25. Qg3+ Kh7 26. Qh3 Qxd4+ 27. Kh1 Qd3 28. Qxh6+ Kg8 29. exf6 Qg6 30. Qe3 c3 31. h3 c2 32. Kh2 Rd1 1/2-1/2

[Event "Olympiad Women 2024"]
[Site "Budapest HUN"]
[Date "2024.09.21"]
[Round "10.50"]
[Board "1"]
[White "Nahed Galab"]
[Black "Fuad Kamel Jamaliah, Natalie"]
[Result "0-1"]
[WhiteElo "1693"]
[BlackElo "2003"]
[PlyCount "134"]
[EventDate "2024.09.11"]
[WhiteTeam "Sudan"]
[BlackTeam "Jordan"]
[WhiteTeamCountry "SUD"]
[BlackTeamCountry "JOR"]

1. d4 d5 2. Nf3 Nf6 3. g3 Bg4 4. Bg2 e6 5. O-O Nbd7 6. c4 c6 7. cxd5 exd5 8. Nc3 Bd6 9. Bg5 h6 10. Bxf6 Nxf6 11. Re1 O-O 12. Rc1 Re8 13. a3 $146 ({RR} 13. Na4 Ne4 14. Nc5 Qe7 15. Nd3 Ng5 16. Nxg5 Qxg5 17. Qc2 Qf6 18. e3 Bf3 19. Nc5 Bxg2 20. Kxg2 Re7 21. Qa4 Qg6 22. b4 a6 23. Qb3 h5 24. h4 Rae8 25. Qd3 Qg4 26. Qd1 Qg6 27. Qd3 Qg4 {0-1 Ramseier,J (2181)-Lomineishvili,M (2373) EU-chT (Women) 2001 (1.2)}) 13... a5 14. Qc2 Qd7 15. Rcd1 Bf5 16. Qb3 Re7 17. Nd2 Rae8 18. Nf3 Qc7 19. Rc1 Qb8 20. e3 Be4 21. Nxe4 Nxe4 22. Qd3 Qc8 23. Nd2 Ng5 24. e4 dxe4 25. Nxe4 Qd7 26. Qb1 Bb8 27. Nxg5 hxg5 28. Rxe7 Qxe7 29. Qd3 Qf6 30. Qd2 Ba7 31. Rd1 g6 32. b4 axb4 33. axb4 Kg7 34. Qb2 Rd8 35. Qe2 Bxd4 36. Rf1 b6 37. Qc4 c5 38. bxc5 bxc5 39. Bd5 Rb8 40. Be4 Rb2 41. Bc2 Qf3 42. Qd3 Qf6 43. Qc4 Qf3 44. Qd3 Qxd3 45. Bxd3 g4 46. Kg2 f5 47. Bc4 Kf6 48. Bd5 Rc2 49. Bb3 Rd2 50. Bc4 g5 51. Bb3 f4 52. Bc4 Rc2 53. Bb3 Rc3 54. Bd1 f3+ 55. Kg1 c4 56. h3 gxh3 57. Ba4 g4 58. Bd7 Kg5 59. Ba4 Ra3 60. Bc2 Ra2 61. Rc1 h2+ 62. Kxh2 Bxf2 63. Bb1 Bxg3+ 64. Kg1 Rh2 65. Be4 Re2 66. Bd5 c3 67. Bb3 f2+ 0-1

[Event "Olympiad Women 2024"]
[Site "Budapest HUN"]
[Date "2024.09.21"]
[Round "10.50"]
[Board "2"]
[White "Jeda Helal"]
[Black "Sabreen Oraby"]
[Result "1/2-1/2"]
[WhiteElo "1569"]
[BlackElo "1812"]
[PlyCount "97"]
[EventDate "2024.09.11"]
[WhiteTeam "Jordan"]
[BlackTeam "Sudan"]
[WhiteTeamCountry "JOR"]
[BlackTeamCountry "SUD"]

1. e4 c5 2. Nf3 g6 3. d4 Bg7 4. d5 d6 5. Nc3 Nf6 6. Bc4 O-O ({RR} 6... Na6 7. O-O O-O 8. Re1 Nc7 9. h3 e6 10. dxe6 Bxe6 11. Bf1 Re8 12. Ng5 Bd7 13. Qxd6 h6 14. Nxf7 Kxf7 15. Rd1 Re7 16. Be3 Ne6 17. Bc4 b5 18. Nxb5 Bxb5 19. Bxe6+ Rxe6 20. Qxd8 Rxd8 21. Rxd8 {½-½ Berserk dev10_20220912 (3509)-LCZero 0.30-dag-bord-lf_78496 (3589) TCEC 23 Premier 2022 (44.2)}) 7. h3 a6 $146 ({RR} 7... e6 8. dxe6 Bxe6 9. Bxe6 fxe6 10. e5 dxe5 11. Qxd8 Rxd8 12. Ng5 Re8 13. Be3 Nc6 14. Bxc5 Nd4 15. O-O-O Rac8 16. Nce4 Nxe4 17. Nxe4 Rc6 18. c3 b6 19. Bd6 Ne2+ 20. Kb1 Nf4 21. g3 Nd5 22. h4 {1-0 Jepson,C (2412)-Aberg,A (2460) SWE-chT 0102 2001 (7)}) ({RR} 7... Na6 8. O-O Nc7 9. Re1 Nd7 10. Bf4 f6 11. Qd2 Rb8 12. a4 a6 13. a5 b5 14. axb6 Rxb6 15. b3 Nb5 16. Na4 Rb8 17. Bh6 Ne5 18. Nxe5 fxe5 19. Bxg7 Kxg7 20. Bxb5 axb5 21. Nc3 Bd7 22. Qe3 {½-½ Shymanskyi,O (2284)-Pinero,C (2242) Titled Tue 30th Jan Early 2024 (4)}) ({RR} 7... Na6 8. O-O Nc7 9. a4 e6 10. dxe6 Bxe6 11. Bxe6 Nxe6 12. Qd3 Qb6 13. Rd1 Rad8 14. a5 Qc6 15. Nd5 Rfe8 16. Bh6 c4 17. Qe3 Bh8 18. Ng5 Rd7 19. Nxe6 fxe6 20. Nc3 Rf7 21. Re1 d5 22. exd5 {1-0 Bublei,P (2337)-Stamboltsyan,S (2129) Novosibirsk Siberia 2012 (3)}) ({RR} 7... Qa5 8. O-O a6 9. Bd2 Qc7 10. a4 b6 11. Bf4 Nbd7 12. Re1 Ne5 13. Bf1 Nxf3+ 14. Qxf3 Nd7 15. Qe2 Rb8 16. Bg3 Bd4 17. Kh1 Nf6 18. f4 Ra8 19. Bh2 e6 20. Nd1 c4 21. Qxc4 Qxc4 22. Bxc4 {1-0 Kiss,F (2100)-Gheorghe,A (2005) EU-ch U16 Girls 1994 (3)}) 8. a4 Re8 9. O-O e6 10. Re1 exd5 11. Bxd5 Nxd5 12. Nxd5 Nc6 13. Bg5 f6 14. Bf4 Ne5 15. Kh1 Be6 16. Ra3 Rb8 17. Bxe5 dxe5 18. Rd3 Qa5 19. b3 Rbd8 20. Re2 Kh8 21. Red2 Rc8 22. Qb1 b5 23. b4 cxb4 24. Qxb4 Qxa4 25. Qxa4 bxa4 26. Nb6 Rb8 27. Nxa4 Bf8 28. Rd1 Rec8 29. Nc3 Rb2 30. Nd5 Rbxc2 31. Nxf6 Rxf2 32. Rd8 Rf1+ 33. Rxf1 Rxd8 34. Nxe5 Bg7 35. Nfg4 Rd4 36. Re1 a5 37. Nc6 Ra4 38. e5 Kg8 39. Nf6+ Bxf6 40. exf6 Bd7 41. Nd8 Rf4 42. Re7 Rf1+ 43. Kh2 Ba4 44. f7+ Kf8 45. Rb7 Rf6 46. Rb8 Bd7 47. Ra8 a4 48. Ra7 Ke7 49. Nc6+ 1/2-1/2

[Event "Olympiad Women 2024"]
[Site "Budapest HUN"]
[Date "2024.09.21"]
[Round "10.50"]
[Board "3"]
[White "Rawan Mansor"]
[Black "Boshra, Alshaeby"]
[Result "0-1"]
[WhiteElo "1717"]
[BlackElo "1939"]
[PlyCount "120"]
[EventDate "2024.09.11"]
[WhiteTeam "Sudan"]
[BlackTeam "Jordan"]
[WhiteTeamCountry "SUD"]
[BlackTeamCountry "JOR"]

1. d4 Nf6 2. Bf4 e6 3. c3 c5 4. e3 cxd4 5. exd4 Be7 6. Bd3 b6 7. Nd2 Bb7 8. Ngf3 O-O 9. Qe2 d6 10. h3 a6 11. O-O Nbd7 12. Rfe1 Re8 13. Ne4 $146 ({RR} 13. a4 Bf8 14. Bh2 e5 15. dxe5 Nxe5 16. Nxe5 dxe5 17. Ne4 Nd7 18. Bc4 Nc5 19. Rad1 Nxe4 20. Rxd8 Raxd8 21. Qf3 Nd6 22. Bxf7+ Kh8 23. Qh5 Nxf7 24. Qxf7 Bd5 25. Qc7 Rc8 26. Qxb6 Bc5 27. Qxa6 Bc4 {1-0 Grabinsky,A (2380)-Xu,G (2193) PRO League Pacific rapid 2017 (4)}) ({RR} 13. Rad1 b5 14. Ng5 Bf8 15. Nge4 Qc7 16. Nxf6+ Nxf6 17. Ne4 Nxe4 18. Bxe4 Bxe4 19. Qxe4 Qc4 20. a3 d5 21. Qf3 a5 22. Qg3 b4 23. cxb4 axb4 24. b3 Qc2 25. a4 Rec8 26. Rd2 Qf5 27. Qg4 Qf6 {½-½ Kotz,R (2189)-Unzicker,F (2334) Oberliga Bayern 1314 2013 (8.4)}) ({RR} 13. Bh2 Nf8 14. a4 Qd7 15. c4 Ng6 16. a5 bxa5 17. Rxa5 Bd8 18. Raa1 Bc7 19. Qd1 e5 20. Qc2 exd4 21. Nxd4 Bb6 22. Nf5 Qc6 23. Bf1 Ne5 24. b4 a5 25. Bxe5 dxe5 26. b5 Qc7 27. Ne3 Red8 {1-0 Utkin,A (2420)-Zubritskiy,A (2334) St Petersburg March op 2008 (8)}) 13... Nxe4 14. Bxe4 Bxe4 15. Qxe4 Nf6 16. Qd3 b5 17. a4 Qb6 18. Qe2 Bf8 19. Bg5 Nd5 20. axb5 axb5 21. Qd3 h6 22. Bd2 Qc6 23. Rec1 Qc4 24. Qc2 Ra2 25. Rxa2 Qxa2 26. Qb1 Qa6 27. Qc2 Rc8 28. Qd1 Qa2 29. Rb1 Ra8 30. Qc1 Nb6 31. Be1 Qa6 32. Bd2 Nc4 33. Be1 Qa2 34. Nd2 d5 35. Kf1 Bd6 36. Nxc4 bxc4 37. Bd2 Rb8 38. Qc2 Rb3 39. Bc1 Qa5 40. Bd2 Qb6 41. Bc1 Qa7 42. Bd2 Qb8 43. Be3 Ba3 44. Bc1 Bf8 45. Kg1 Qa7 46. Be3 Qa2 47. Bc1 g6 48. Bd2 h5 49. Kh2 Bd6+ 50. g3 h4 51. Kg2 hxg3 52. fxg3 Qa8 53. Rf1 Qb8 54. Bc1 Bxg3 55. Rf6 Kg7 56. Rf3 Bh4 57. Qd2 g5 58. Qe2 Rb7 59. Re3 Qf4 60. Qd1 Rxb2+ 0-1

[Event "Olympiad Women 2024"]
[Site "Budapest HUN"]
[Date "2024.09.21"]
[Round "10.50"]
[Board "4"]
[White "Ruba Al-Qudah"]
[Black "Elizabeth  Tanyous"]
[Result "1-0"]
[WhiteElo "1937"]
[BlackElo "1530"]
[PlyCount "93"]
[EventDate "2024.09.11"]
[WhiteTeam "Jordan"]
[BlackTeam "Sudan"]
[WhiteTeamCountry "JOR"]
[BlackTeamCountry "SUD"]

1. e4 e6 2. d4 d5 3. exd5 exd5 4. Nf3 Bg4 5. Bd3 Bd6 6. O-O Ne7 7. Nc3 c6 ({RR} 7... Nbc6 8. Nb5 Qd7 9. c3 O-O-O 10. a4 Nf5 11. Nxd6+ Nxd6 12. b4 Ne4 13. b5 Ne7 14. c4 Nc3 15. Qc2 Bxf3 16. gxf3 dxc4 17. Bxc4 Qxd4 18. Bxf7 Ncd5 19. Be3 Nxe3 20. fxe3 Qxe3+ 21. Rf2 Nf5 22. Qxf5+ {1-0 Mekhane,A (2280)-Cueto,J (2108) Titled Tue 2nd Jan Early 2024 (2)}) 8. h3 Bh5 9. Re1 O-O $146 ({RR} 9... Bg6 10. Ne5 Bxd3 11. Qxd3 f6 12. Nf3 Nd7 13. a3 Nf8 14. b4 a6 15. Na4 Nfg6 16. Nc5 Bxc5 17. bxc5 Qd7 18. Be3 O-O-O 19. Reb1 Nf5 20. Rb6 Nxe3 21. fxe3 Kc7 22. Rab1 Rb8 23. Qb3 Qc8 24. c4 {½-½ Benedikt,A (1614)-Pfaff,V (1817) Baunatal op 8th 2002 (5)}) ({RR} 9... Nd7 10. Bf5 Qc7 11. Na4 O-O-O 12. Bxd7+ Rxd7 13. Qd3 Qa5 14. Nc5 Bxc5 15. dxc5 Bxf3 16. Bd2 Qxc5 17. Qxf3 Qxc2 18. Qg4 Qg6 19. Bg5 h5 20. Qf4 f6 21. Bh4 Nf5 22. Re6 Nxh4 23. Qxh4 Re8 24. Rxe8+ {0-1 Silva,V (1709)-Pritsopoulos,C (1932) Sao Paulo Consciencia op 3rd 2015 (4)}) 10. Bg5 Qd7 11. Nb1 Na6 12. c3 Nc7 13. Bxe7 Bxe7 14. Ne5 Bxd1 15. Nxd7 Rfe8 16. Rxd1 Bd6 17. Nc5 Re7 18. Nxb7 Bf4 19. Na5 Rae8 20. Na3 Re6 21. Kf1 Rf6 22. Re1 Rb8 23. Re2 Rc8 24. Nc2 Ne6 25. Nb4 Kh8 26. Naxc6 Nc7 27. Nxa7 Rd8 28. Rae1 g6 29. Nb5 Ne6 30. Kg1 Kg7 31. g3 Bb8 32. Nc6 Rc8 33. Nxb8 Rxb8 34. Re5 h6 35. h4 Rd8 36. a4 Nf8 37. a5 Nd7 38. Rxd5 Ra6 39. Re7 Rf8 40. Rdxd7 Kf6 41. Bc4 g5 42. Rxf7+ Rxf7 43. Rxf7+ Kg6 44. b4 g4 45. Rd7 Kh5 46. Bf7+ Rg6 47. Rd5# 1-0